00503nam a2200145Ia 4500008004100000100001700041245011600058245004600174260005900220260000900279300001000288650001800298650001500316856002600331170221s9999 xx 000 0 und d aMin-Woo Kwon 4aThe Role of Recreational Media Use in Youth Socialization:Extending the Citizen Communication Mediation Model  cMin-Woo Kwon, Dave Wilcox, Dhavan V. Shah bOnline Journal of Communication and Media Technologies c2016 a5 : 1 xCommunication xMedia Arts uhttp://www.ojcmt.net/